Paisajes rurales (Registro nro. 4246)

Detalles MARC
000 -CABECERA
Campo de control 00897nam a2200241 a 4500
005 - FECHA Y HORA DE LA ULTIMA TRANSACCION
Campo de control 20200104041548.0
008 - ELEMENTOS DE LONGITUD FIJA—INFORMACION GENERAL
Campo de control 140123b2003 ck ||||| |||| 00| 0 spa d
041 ## - IDIOMA
Código de idioma para texto/pista de sonido o título separado Español
044 ## - PAÍS DE PUBLICACIÓN
País de publicación Colombia
090 ## - CLASIFICACIÓN LOCAL
Colección IAVH
Consecutivo 00319
110 ## - ASIENTO PRINCIPAL--NOMBRE CORPORATIVO
Unidad subordinad Instituto de Investigación de Recursos Biológicos Alexander von Humboldt
-- Unidad de Producción Audiovisual
245 ## - MENCION DE TITULO
Título Paisajes rurales
Parte restante del título Sistemas productivos y biodiversidad, una propuesta para conocerlos
260 ## - PUBLICACION, DISTRIBUCION, ETC. (PIE DE IMPRENTA)
Lugar de publicación, distribución, etc. Bogotá
Nombre del editor, distribuidor, etc. Instituto Alexander von Humboldt
-- Embajada Real de los Países Bajos
-- GEF
-- Banco Mundial
Fecha de publicación, distribución, etc. 2003
300 ## - DESCRIPCION FISICA
Extensión 23 min.
650 ## - ASIENTO SECUNDARIO DE MATERIA - TERMINO TEMATICO
Término temático o nombre geográfico como elemento de entrada Conservación de biodiversidad
650 ## - ASIENTO SECUNDARIO DE MATERIA - TERMINO TEMATICO
Término temático o nombre geográfico como elemento de entrada Paisajes rurales
650 ## - ASIENTO SECUNDARIO DE MATERIA - TERMINO TEMATICO
Término temático o nombre geográfico como elemento de entrada Caracterización biológica
650 ## - ASIENTO SECUNDARIO DE MATERIA - TERMINO TEMATICO
Término temático o nombre geográfico como elemento de entrada Caracterización socioeconómica
650 ## - ASIENTO SECUNDARIO DE MATERIA - TERMINO TEMATICO
Término temático o nombre geográfico como elemento de entrada Agroecosistemas
662 ## - ASIENTO SECUNDARIO DE MATERIA - JERARQUIA DEL NOMBRE DE LUGAR(
País o entidad mayor Colombia
942 ## - ELEMENTOS ADICIONALES (KOHA)
Tipo de ítem CD-ROM
Koha issues (borrowed), all copies 1
Sistema de clasificación Local
945 ## - PROCESAMIENTO LOCAL
AAAA-MM-DD - Fecha de ingreso o modificacion 2004-11-04
Existencias
Withdrawn status Lost status Sistema de Clasificación Damaged status No para préstamo Colección Ubicación Permanente Ubicación actual Fecha de adquisición Fuente de Valor Total Checkouts Número topográfico Inventario / Código de Barras Date last seen Ejemplar Price effective from Forma de adquisición Tipo de material Date checked out
    Local     Audiovisual Bogotá Bogotá 03/02/2006 UPA   IAVH-00319 022104 04/12/2012 Ej. 1 04/12/2012   CD-ROM  
    Local     Audiovisual Bogotá Bogotá 03/02/2006 UPA   IAVH-00319 022107 04/12/2012 Ej. 2 04/12/2012   CD-ROM  
    Local     Audiovisual Bogotá Bogotá 03/02/2006 UPA 1 IAVH-00319 022109 10/07/2014 Ej. 3 04/12/2012   CD-ROM 09/01/2014
    Local     Audiovisual Bogotá Bogotá 17/12/2013     IAVH-00319 058881 17/12/2013 Ej. 4 17/12/2013   CD-ROM  
    Local     Audiovisual Villa de Leyva Villa de Leyva 03/02/2006 UPA   IAVH-00319 022105 04/12/2012 Ej. 2 04/12/2012   Informe Técnico  
    Local     Audiovisual Villa de Leyva Villa de Leyva 03/02/2006 UPA   IAVH-00319 022108 04/12/2012 Ej. 3 04/12/2012   Informe Técnico